[Event "Titled Tuesday intern op 02nd Apr Late"]
[Site "Chess.com INT"]
[Date "2024.04.02"]
[Round "1"]
[White "Castellanos Hernandez, Lhia Itzayana"]
[Black "Antunez, Soler Luis"]
[Result "0-1"]
[WhiteElo "1900"]
[BlackElo "2200"]
[PlyCount "94"]
[EventDate "2024.04.02"]
[EventType "swiss (blitz)"]
[EventRounds "11"]
[EventCountry "USA"]
[SourceTitle "CB15_2024"]
[SourceDate "2024.04.10"]
[SourceVersion "1"]
[SourceVersionDate "2024.04.10"]
[SourceQuality "1"]

1. d4 d5 2. c4 c6 3. Nc3 Nf6 4. Nf3 dxc4 5. a4 Bf5 6. e3 e6 7. Bxc4 Bb4 8. 0-0 Nbd7 9. Bd2 Bg6 10. Qb3 a5 11. Rfe1 0-0 12. e4 Bh5 13. Ng5 Qe7 14. e5 Nd5 15. Nge4 Rfd8 16. Ne2 Bxd2 17. Nxd2 Nb4 18. Ne4 Nb6 19. Nd6 Bg6 20. Nf4 Bc2 21. Qc3 Nxc4 22. Qxc4 h6 23. Re3 Bh7 24. Rg3 Nd5 25. Nh5 Bg6 26. Rh3 Bxh5 27. Rxh5 Nf4 28. Rh3 Nxh3+ 29. gxh3 Qh4 30. Qc3 b5 31. Re1 bxa4 32. Re4 Qh5 33. Rg4 Rab8 34. Ne4 Kh8 35. Nd6 Rd7 36. Qxc6 Rbd8 37. Rg3 f5 38. Qxa4 Kh7 39. Qc2 Kg8 40. Qc4 Re7 41. Qa4 Kh7 42. Qxa5 Rdd7 43. Qd2 Qh4 44. b4 f4 45. Rg4 Qxh3 46. Qxf4 Ra7 47. Qe4+ Kg8 0-1

[Event "Titled Tuesday intern op 02nd Apr Late"]
[Site "Chess.com INT"]
[Date "2024.04.02"]
[Round "6"]
[White "Castellanos Hernandez, Lhia Itzayana"]
[Black "Yurtseven, Melih"]
[Result "0-1"]
[WhiteElo "1900"]
[BlackElo "2333"]
[PlyCount "58"]
[EventDate "2024.04.02"]
[EventType "swiss (blitz)"]
[EventRounds "11"]
[EventCountry "USA"]
[SourceTitle "CB15_2024"]
[SourceDate "2024.04.10"]
[SourceVersion "1"]
[SourceVersionDate "2024.04.10"]
[SourceQuality "1"]

1. d4 Nf6 2. Bf4 e6 3. e3 b6 4. Qf3 c6 5. Nc3 d5 6. Bd3 Bd6 7. Nge2 Ba6 8. Bxa6 Nxa6 9. g4 Qe7 10. h4 e5 11. dxe5 Bxe5 12. 0-0-0 0-0 13. Bxe5 Qxe5 14. g5 Ne4 15. h5 Nac5 16. Nxe4 Nxe4 17. Nf4 Nxg5 18. Qg2 h6 19. Rdg1 Kh8 20. Nd3 Qe4 21. Qg3 Rg8 22. Rh4 Qf3 23. Qd6 Qf6 24. Qc7 Rgc8 25. Qg3 Nf3 26. Rf4 Nxg1 27. Rxf6 Ne2+ 28. Kd2 Nxg3 29. Rxf7 Ne4+ 0-1

[Event "MEX-ch (Women)"]
[Site "Mexico City"]
[Date "2023.11.10"]
[Round "5"]
[White "Castellanos Hernandez, Lhia Itzayana"]
[Black "Lopez Sanchez, Anastacia Antonia"]
[Result "1/2-1/2"]
[WhiteElo "1890"]
[BlackElo "1775"]
[PlyCount "58"]
[EventDate "2023.11.07"]
[EventType "swiss"]
[EventRounds "9"]
[EventCountry "MEX"]
[SourceTitle "CB47_2023"]
[SourceDate "2023.11.22"]
[SourceVersion "1"]
[SourceVersionDate "2023.11.22"]
[SourceQuality "1"]

1. d4 g6 2. Bf4 Bg7 3. Nc3 d5 4. e3 c6 5. Be2 Bf5 6. g4 Bd7 7. h4 Qa5 8. Qd2 b5 9. f3 b4 10. Nd1 c5 11. Nh3 Nc6 12. dxc5 Qxc5 13. Nhf2 e5 14. Bg3 Nge7 15. e4 Nd4 16. Nd3 Qxc2 17. Bxe5 Bxe5 18. Nxe5 Qxd2+ 19. Kxd2 Nxe2 20. Nxd7 Kxd7 21. Kxe2 dxe4 22. fxe4 Rac8 23. Ne3 Rhd8 24. Rhd1+ Ke8 25. Rxd8+ Kxd8 26. Rd1+ Ke8 27. Rd4 a5 28. Nc4 Rc5 29. Nd6+ Kf8 1/2-1/2

[Event "MEX-ch (Women)"]
[Site "Mexico City"]
[Date "2023.11.09"]
[Round "3"]
[White "Castellanos Hernandez, Lhia Itzayana"]
[Black "Diaz Osorio, Ana Carolina"]
[Result "1-0"]
[WhiteElo "1890"]
[BlackElo "1728"]
[PlyCount "27"]
[EventDate "2023.11.07"]
[EventType "swiss"]
[EventRounds "9"]
[EventCountry "MEX"]
[SourceTitle "CB47_2023"]
[SourceDate "2023.11.22"]
[SourceVersion "1"]
[SourceVersionDate "2023.11.22"]
[SourceQuality "1"]

1. e4 e5 2. Nf3 Nc6 3. Bc4 Nf6 4. d3 Be7 5. 0-0 0-0 6. a4 d6 7. a5 Be6 8. a6 bxa6 9. Bxa6 Rb8 10. c3 Bb3 11. Qe2 d5 12. Nbd2 dxe4 13. dxe4 Be6 14. Bb5 1-0

[Event "MEX-ch (Women)"]
[Site "Mexico City"]
[Date "2023.11.07"]
[Round "1"]
[White "Castellanos Hernandez, Lhia Itzayana"]
[Black "Reyes Martinez, Karen"]
[Result "1-0"]
[WhiteElo "1890"]
[BlackElo "1696"]
[PlyCount "99"]
[EventDate "2023.11.07"]
[EventType "swiss"]
[EventRounds "9"]
[EventCountry "MEX"]
[SourceTitle "CB47_2023"]
[SourceDate "2023.11.22"]
[SourceVersion "1"]
[SourceVersionDate "2023.11.22"]
[SourceQuality "1"]

1. e4 c5 2. Nf3 Nc6 3. Bc4 e6 4. 0-0 g6 5. c3 Bg7 6. d4 cxd4 7. cxd4 d5 8. exd5 exd5 9. Bb3 Nge7 10. Nc3 0-0 11. Bg5 f6 12. Be3 Be6 13. Re1 Qd7 14. h3 Rad8 15. Ba4 a6 16. Bxc6 bxc6 17. Na4 Qd6 18. Qd2 g5 19. Nc5 Bc8 20. Qa5 h5 21. Bd2 Nf5 22. Bb4 Rfe8 23. Ne6 Qd7 24. Nxd8 Rxd8 25. Nh2 Nd6 26. Qa3 Nb5 27. Qg3 Bf8 28. Ba5 Re8 29. Qd3 Kg7 30. Rxe8 Qxe8 31. Nf1 Qe4 32. Qd1 Qxd4 33. Qxh5 Bc5 34. Qe2 Qe5 35. Qxe5 fxe5 36. Rc1 Ba7 37. Rxc6 Bd7 38. Rxa6 Bd4 39. a4 Na7 40. Bb6 Nc6 41. Bxd4 exd4 42. b4 Kf7 43. b5 Nb4 44. Ra7 Ke6 45. b6 Nc6 46. Ra8 Kd6 47. a5 Nxa5 48. Rxa5 Kc6 49. Rxd5 Bc8 50. Rxg5 1-0

[Event "Wch U20 Girls 39th"]
[Site "Mexico City"]
[Date "2023.09.24"]
[Round "5"]
[White "Castellanos Hernandez, Lhia Itzayana"]
[Black "Middleton, Jody"]
[Result "1-0"]
[WhiteElo "1890"]
[BlackElo "1699"]
[PlyCount "99"]
[EventDate "2023.09.21"]
[EventType "swiss"]
[EventRounds "11"]
[EventCountry "MEX"]
[SourceTitle "EXT 2024"]
[Source "ChessBase"]
[SourceDate "2023.10.10"]
[SourceVersion "1"]
[SourceVersionDate "2023.10.10"]
[SourceQuality "1"]

1. e4 e6 2. d4 d5 3. exd5 exd5 4. Nc3 Bb4 5. Bd3 Nc6 6. a3 Bxc3+ 7. bxc3 Nge7 8. Qh5 Be6 9. Ne2 Qd7 10. 0-0 0-0-0 11. a4 f6 12. f4 Bg4 13. Qh4 Ng6 14. Qf2 Bxe2 15. Qxe2 Rde8 16. Qh5 Nge7 17. Ba3 f5 18. Rfe1 g6 19. Qe2 Kb8 20. Qf1 Nc8 21. Reb1 b6 22. Rb5 Qe6 23. Qf3 Ka8 24. Rxd5 Qe3+ 25. Qxe3 Rxe3 26. Rd7 Kb7 27. Kf2 Ree8 28. Be2 Kb8 29. Bb5 Kb7 30. Re1 Rxe1 31. Kxe1 Nb8 32. Rg7 a6 33. Bc4 Na7 34. Bd6 Kc6 35. Bxc7 Nd7 36. Be5 Nxe5 37. fxe5 b5 38. Rxa7 bxc4 39. Rxa6+ Kc7 40. Kd2 f4 41. Rf6 g5 42. Ke2 h5 43. Kf3 Kd7 44. d5 Rh7 45. Ra6 Kc8 46. Rc6+ Kd8 47. a5 Rf7 48. h3 Rb7 49. Rb6 Rc7 50. a6 1-0

[Event "Wch U20 Girls 39th"]
[Site "Mexico City"]
[Date "2023.09.22"]
[Round "2"]
[White "Koksa, Jelena"]
[Black "Castellanos Hernandez, Lhia Itzayana"]
[Result "0-1"]
[WhiteElo "1748"]
[BlackElo "1890"]
[PlyCount "58"]
[EventDate "2023.09.21"]
[EventType "swiss"]
[EventRounds "11"]
[EventCountry "MEX"]
[SourceTitle "EXT 2024"]
[Source "ChessBase"]
[SourceDate "2023.10.10"]
[SourceVersion "1"]
[SourceVersionDate "2023.10.10"]
[SourceQuality "1"]

1. e4 e5 2. Nf3 Nc6 3. d4 exd4 4. Nxd4 Nf6 5. Nxc6 bxc6 6. Bd3 d5 7. exd5 cxd5 8. 0-0 Be7 9. c4 0-0 10. Nc3 Be6 11. cxd5 Nxd5 12. Nxd5 Qxd5 13. Qc2 Qh5 14. Bf4 c5 15. Rfe1 Rad8 16. Re5 Qh4 17. g3 Qh3 18. f3 Rxd3 19. Qxd3 Rd8 20. Qe2 Bf6 21. Re4 Bd4+ 22. Be3 Bd5 23. Re7 Bf6 24. Rxa7 Re8 25. Qf2 Rxe3 26. Rd1 Bd4 27. Rxd4 cxd4 28. Ra5 Bxf3 29. Qxf3 Re1+ 0-1